| 000 | 00945cab a2200265 4500 | ||
|---|---|---|---|
| 001 | ABS58901 | ||
| 008 | 090401t1998 xxu||||| |||| 00| 0 eng d | ||
| 035 | _a(Sirsi) u86879 | ||
| 041 | _aeng | ||
| 245 | _aInformation technology | ||
| 260 | _c1998 | ||
| 350 | _a0 | ||
| 490 |
_aBuilding _v263(8042) 5 June 1998, 58-62(5) |
||
| 520 | _aReports on some developments in information technology covering a review of Focus; a package to be launched soon which will provide remote access to a project database, and a review of SuperOffice 4.0 for Windows. Concludes with a discussion on Microsoft`s approach to Internet access and Windows 98. | ||
| 650 | _aCAD | ||
| 650 | _aFOCUS | ||
| 650 | _aINTEGRATED DATABASES | ||
| 650 | _aINTERNET EXPLORER | ||
| 650 | _aINTERNET | ||
| 650 | _aNETSCAPE | ||
| 650 | _aSOFTWARE PACKAGES | ||
| 690 | _aMANAGEMENT-BUSINESS MANAGEMENT-INFORMATION MANAGEMENT | ||
| 942 | _n0 | ||
| 948 | _c18/06/1998 | ||
| 999 |
_c54707 _d54707 |
||